Guía turística de museos Región de Valparaíso

I tiakina i:
Ngā taipitopito rārangi puna kōrero
Kaituhi rangatōpū: SERNATUR (Author)
Hōputu: Pukapuka
Reo:Pāniora
I whakaputaina: Valparaíso SERNATUR 2005
Ngā marau:
Ngā Tūtohu: Tāpirihia he Tūtohu
Kāore He Tūtohu, Me noho koe te mea tuatahi ki te tūtohu i tēnei pūkete!

MARC

LEADER 00000nam a2200000 a 4500
001 UCG2006
003 CL-VaPUC
008 100531e20050000CL |||||||||||||||||spa|d
082 0 4 |a 069.5  |b SER  |2 21 
110 2 |a SERNATUR  |e author  |9 550184 
245 1 0 |a Guía turística de museos Región de Valparaíso 
300 |a 82 p 
942 |c BK 
945 |d 20100531 00:00:00  |a dcastane 
260 |a Valparaíso  |b SERNATUR  |c 2005 
650 0 |a Museos  |9 269209 
650 7 |a GUIA TURISTICA  |2 CL-VaPUC  |9 328105 
650 0 |a Turismo cultural  |9 366372 
583 |a last modification  |c 20100531 00:00:00  |k Rodrigo Vera 
999 |c 341249  |d 341247 
952 |0 0  |1 0  |4 0  |6 069_500000000000000_SER_2005  |7 0  |8 ?  |9 436620  |a FDOBUD  |b FDOBUD  |d 2019-11-22  |i 468205K  |o 069.5 SER 2005  |p 468205K  |r 2019-11-22  |w 2019-11-22  |y BK  |k BUD